[Event "Open SSM Luglio"]
[Site "Milano ITA"]
[Date "2013.07.05"]
[Round "2"]
[White "Colombo, Luca"]
[Black "Carbone, Lorenzo"]
[WhiteElo "1874"]
[BlackElo "1576"]
[Result "1-0"]
[PlyCount "83"]
[EventDate "2013.07.04"]

1. e4 c5 2. Nc3 Nc6 3. g3 e6 4. Bg2 Nf6 5. Nge2 d5 6. exd5 exd5 7. d4 c4 8. O-O
g6 9. Bg5 Be7 10. Bxf6 Bxf6 11. Nxd5 Bg7 12. c3 O-O 13. Ne3 Na5 14. Nf4 Bh6 15.
Qf3 Rb8 16. Qd5 Qc7 17. Qf3 b5 18. Nfd5 Qd6 19. Qf6 Qxf6 20. Nxf6+ Kh8 21. f4
Rb6 22. Ne4 Re8 23. Nd5 Rb8 24. Rae1 Bf5 25. Nc5 Bf8 26. Ne4 Re6 27. Ng5 Rxe1
28. Rxe1 Kg7 29. Nf3 Nb7 30. Ne5 Nd8 31. g4 Bc8 32. h3 Bd6 33. Rf1 f6 34. Nf3
Bb7 35. Nd2 Nf7 36. f5 Re8 37. fxg6 hxg6 38. Nxf6 Re7 39. Bxb7 Rxb7 40. Ne8+
Kg8 41. Nxd6 Nxd6 42. Rf6 1-0

[Event "Open SSM Luglio"]
[Site "Milano ITA"]
[Date "2013.07.05"]
[Round "2"]
[White "Ganci, Stefano"]
[Black "Gagliardi, Christian"]
[WhiteElo "1947"]
[BlackElo "2215"]
[Result "0-1"]
[PlyCount "68"]
[EventDate "2013.07.04"]

1. b4 e5 2. Bb2 Bxb4 3. Bxe5 Nf6 4. c4 O-O 5. Nf3 Nc6 6. Bb2 d5 7. cxd5 Nxd5 8.
e3 Nb6 9. Be2 Re8 10. O-O Bf5 11. a3 Bf8 12. d3 h6 13. Nc3 Qe7 14. e4 Bh7 15.
Qc2 f5 16. Rfe1 fxe4 17. dxe4 Kh8 18. Bd3 Qc5 19. Rac1 Rad8 20. Qe2 Qh5 21. Qf1
a6 22. Rcd1 Bg8 23. Be2 Rxd1 24. Rxd1 Qf7 25. Nd4 Nxd4 26. Rxd4 Qb3 27. Qa1 c5
28. Rd2 Nc4 29. Bd1 Qb6 30. Rc2 Nxb2 31. Rxb2 Qc7 32. Bf3 b5 33. Nd5 Qe5 34.
Qc1 Bxd5 0-1

[Event "Open SSM Luglio"]
[Site "Milano ITA"]
[Date "2013.07.05"]
[Round "2"]
[White "Gonella, Graziano"]
[Black "Falchi, Claudio"]
[WhiteElo "1187"]
[BlackElo "1953"]
[Result "0-1"]
[PlyCount "78"]
[EventDate "2013.07.04"]

1. e4 e6 2. Nf3 d5 3. exd5 exd5 4. d4 Bd6 5. Nc3 Ne7 6. Be3 Nbc6 7. Be2 Bf5 8.
a3 a6 9. Qd2 Qd7 10. Nh4 Bg6 11. h3 Qd8 12. Bf4 Bxf4 13. Qxf4 Bxc2 14. O-O O-O
15. Qd2 Bg6 16. Nd1 Nf5 17. Nxf5 Bxf5 18. Ne3 Bg6 19. Bf3 Ne7 20. Qc3 Qd6 21.
Qb3 c6 22. Rac1 Rab8 23. Qd1 Nf5 24. Nxf5 Bxf5 25. Bg4 Qg6 26. Bxf5 Qxf5 27. g4
Qf4 28. Rc3 Rfe8 29. Rf3 Qe4 30. Re3 Qg6 31. Rxe8+ Rxe8 32. f4 Qe4 33. f5 Qe3+
34. Kh2 Qe2+ 35. Kg1 Qxb2 36. Re1 Rxe1+ 37. Qxe1 Qxd4+ 38. Kg2 Qe4+ 39. Kg3
Qxe1+ 0-1

[Event "Open SSM Luglio"]
[Site "Milano ITA"]
[Date "2013.07.05"]
[Round "2"]
[White "Gori, Andrea"]
[Black "Ruggeri, Igor"]
[WhiteElo "2075"]
[BlackElo "1592"]
[Result "1-0"]
[PlyCount "45"]
[EventDate "2013.07.04"]

1. e4 c5 2. Nc3 d6 3. f4 g6 4. Nf3 Bg7 5. Bc4 Nf6 6. O-O O-O 7. d3 Nc6 8. Kh1
Na5 9. Qe1 Nxc4 10. dxc4 Be6 11. Nd5 Nxd5 12. cxd5 Bd7 13. Bd2 Ba4 14. Bc3 Bh6
15. b3 Bb5 16. Qh4 Bg7 17. Bxg7 Kxg7 18. c4 Bd7 19. g4 h6 20. f5 g5 21. Nxg5
hxg5 22. Qxg5+ Kh7 23. Rf3 1-0

[Event "Open SSM Luglio"]
[Site "Milano ITA"]
[Date "2013.07.05"]
[Round "2"]
[White "Madaschi, Sergio"]
[Black "Delle Fave, Fabio"]
[WhiteElo "1519"]
[BlackElo "1770"]
[Result "0-1"]
[PlyCount "96"]
[EventDate "2013.07.04"]

1. e4 c6 2. Nc3 d5 3. d4 dxe4 4. Nxe4 Bf5 5. Ng3 Bg6 6. Nf3 Nd7 7. Nh4 e6 8.
Nxg6 hxg6 9. Bd3 Qc7 10. O-O Bd6 11. Qf3 Ngf6 12. Be3 Nh5 13. c4 Ndf6 14. c5
Bf4 15. Rad1 O-O-O 16. Bc4 Bxe3 17. fxe3 Nxg3 18. Qxg3 Qxg3 19. hxg3 Kc7 20. b4
Rd7 21. b5 Nd5 22. Bxd5 exd5 23. bxc6 bxc6 24. Rb1 Rb8 25. Rxb8 Kxb8 26. Rb1+
Rb7 27. Rxb7+ Kxb7 28. Kf2 Kc7 29. Kf3 Kd7 30. e4 Ke6 31. g4 g5 32. g3 f6 33.
Ke3 g6 34. Kf3 dxe4+ 35. Kxe4 f5+ 36. gxf5+ gxf5+ 37. Ke3 Kd5 38. Kd3 a6 39. a3
a5 40. a4 f4 41. gxf4 gxf4 42. Kc3 f3 43. Kd2 Kxd4 44. Ke1 Kxc5 45. Kf2 Kb4 46.
Kxf3 Kxa4 47. Ke3 Kb3 48. Kd2 Kb2 0-1

[Event "Open SSM Luglio"]
[Site "Milano ITA"]
[Date "2013.07.05"]
[Round "2"]
[White "Malescusi, Luciano"]
[Black "Astengo, Corrado"]
[WhiteElo "1909"]
[BlackElo "2114"]
[Result "1/2-1/2"]
[PlyCount "65"]
[EventDate "2013.07.04"]

1. d4 d5 2. Nf3 Nf6 3. e3 g6 4. Be2 Bg7 5. Nbd2 O-O 6. O-O c5 7. c3 Nc6 8. a3
a5 9. a4 Nd7 10. Nb1 e5 11. Na3 e4 12. Ne1 cxd4 13. cxd4 f5 14. f4 exf3 15.
Bxf3 Nf6 16. Nb5 Re8 17. Qb3 Be6 18. Nd3 Bf7 19. Nc5 Qe7 20. Nc3 Nb4 21. Qd1
Rac8 22. Nd3 Nxd3 23. Qxd3 Qd7 24. Bd2 Bh6 25. Rfe1 g5 26. g3 b6 27. Ra3 f4 28.
Rb3 fxg3 29. Rxb6 gxh2+ 30. Kh1 Bg7 31. Qa6 g4 32. Bg2 Re6 33. Rxe6 1/2-1/2

[Event "Open SSM Luglio"]
[Site "Milano ITA"]
[Date "2013.07.05"]
[Round "2"]
[White "Margstahler, Francesco"]
[Black "Bracco, Valter"]
[WhiteElo "1770"]
[BlackElo "1446"]
[Result "1-0"]
[PlyCount "31"]
[EventDate "2013.07.04"]

1. e4 c6 2. d4 d5 3. exd5 cxd5 4. c4 Nf6 5. Nc3 e6 6. Nf3 Bb4 7. Bd2 O-O 8. a3
Bxc3 9. Bxc3 Nc6 10. Bd3 Re8 11. O-O b6 12. Re1 Ba6 13. Ne5 Rc8 14. Nxc6 Rxc6
15. cxd5 Nxd5 16. Bxa6 1-0

[Event "Open SSM Luglio"]
[Site "Milano ITA"]
[Date "2013.07.05"]
[Round "2"]
[White "Montani, Francesco"]
[Black "Colica, Daniele"]
[WhiteElo "2195"]
[BlackElo "1629"]
[Result "1/2-1/2"]
[PlyCount "40"]
[EventDate "2013.07.04"]

1. d4 Nf6 2. Bg5 c5 3. d5 Qb6 4. Nc3 Qxb2 5. Bd2 Qb6 6. e4 d6 7. f4 Bg4 8. Nf3
e6 9. Bb5+ Nbd7 10. h3 Bxf3 11. Qxf3 exd5 12. exd5 Be7 13. O-O O-O 14. Rae1
Rfe8 15. g4 a6 16. Ba4 Qb4 17. g5 b5 18. gxf6 Bxf6 19. Bb3 Qd4+ 20. Rf2 Bh4
1/2-1/2

[Event "Open SSM Luglio"]
[Site "Milano ITA"]
[Date "2013.07.05"]
[Round "2"]
[White "Puppi, Simone"]
[Black "Giancotti, Eraldo"]
[WhiteElo "1540"]
[BlackElo "2069"]
[Result "1/2-1/2"]
[PlyCount "72"]
[EventDate "2013.07.04"]

1. e4 d5 2. exd5 Qxd5 3. Nc3 Qd6 4. d4 Nf6 5. Nge2 c6 6. g3 Bf5 7. Bg2 e6 8.
O-O Be7 9. Bf4 Qb4 10. Qc1 O-O 11. a3 Qc4 12. h3 Nbd7 13. Qd2 Rfd8 14. b3 Qa6
15. Bc7 Re8 16. g4 Bg6 17. Nf4 Nd5 18. Nxg6 hxg6 19. Nxd5 cxd5 20. Bf4 Rac8 21.
Rfc1 b5 22. Bf1 Qc6 23. Qa5 a6 24. a4 bxa4 25. Qxa4 Bf6 26. Be3 Nb8 27. Qxc6
Rxc6 28. c4 dxc4 29. bxc4 Rec8 30. c5 g5 31. Ra5 Rd8 32. Rd1 Rc7 33. Bxa6 Ra7
34. Rda1 Nxa6 35. Rxa6 Rxa6 36. Rxa6 Bxd4 1/2-1/2

[Event "Open SSM Luglio"]
[Site "Milano ITA"]
[Date "2013.07.05"]
[Round "2"]
[White "Tarelli, Daniele"]
[Black "Gonella, Daniele"]
[WhiteElo "1943"]
[BlackElo "2162"]
[Result "1-0"]
[PlyCount "69"]
[EventDate "2013.07.04"]

1. e4 c5 2. Nf3 e6 3. g3 d5 4. exd5 exd5 5. Qe2+ Qe7 6. Nc3 Nf6 7. Nb5 Be6 8.
Ng5 a6 9. Nxe6 fxe6 10. Na3 Nc6 11. c3 g6 12. Bh3 e5 13. O-O Bg7 14. d3 O-O 15.
Bg5 Rae8 16. Rae1 h6 17. Bxf6 Rxf6 18. Nc2 d4 19. c4 b5 20. b3 bxc4 21. bxc4
Rb8 22. Rb1 Rff8 23. Bg2 Qf6 24. Na1 Rxb1 25. Rxb1 Nb4 26. a3 Nc6 27. Rb6 Rb8
28. Qb2 Rxb6 29. Qxb6 Qg5 30. Bd5+ Kh7 31. Qxc6 Qc1+ 32. Kg2 Qxa1 33. Be4 Kg8
34. Qe8+ Bf8 35. Bd5+ 1-0

[Event "Open SSM Luglio"]
[Site "Milano ITA"]
[Date "2013.07.05"]
[Round "2"]
[White "Tirelli, Mauro"]
[Black "Papale, Carmelo"]
[WhiteElo "2021"]
[BlackElo "1849"]
[Result "1-0"]
[PlyCount "34"]
[EventDate "2013.07.04"]

1. d4 Nf6 2. Bg5 d5 3. Bxf6 exf6 4. e3 Bd6 5. g3 O-O 6. Bg2 Re8 7. Ne2 Bf5 8.
Nd2 c6 9. O-O Qd7 10. b3 Na6 11. a3 Rad8 12. c4 dxc4 13. bxc4 Bh3 14. Qc2 h5
15. Nf3 Bb8 16. Rab1 Bf5 17. Qb3 Bxb1 1-0

[Event "Open SSM Luglio"]
[Site "Milano ITA"]
[Date "2013.07.06"]
[Round "3"]
[White "Astengo, Corrado"]
[Black "Bisignano, Giuseppe"]
[WhiteElo "2114"]
[BlackElo "1888"]
[Result "1-0"]
[PlyCount "31"]
[EventDate "2013.07.04"]

1. e4 e5 2. Nf3 Nc6 3. d4 exd4 4. Nxd4 Qf6 5. Be3 Bc5 6. c3 d6 7. Bc4 Nge7 8.
O-O O-O 9. Nxc6 Nxc6 10. Bxc5 dxc5 11. f4 Rd8 12. Qe2 Na5 13. Na3 a6 14. Rad1
b5 15. e5 Qh4 16. Qh5 1-0

[Event "Open SSM Luglio"]
[Site "Milano ITA"]
[Date "2013.07.06"]
[Round "3"]
[White "Beccari, Paolo"]
[Black "Gonella, Graziano"]
[WhiteElo "1795"]
[BlackElo "1187"]
[Result "1-0"]
[PlyCount "29"]
[EventDate "2013.07.04"]

1. e4 e5 2. Nf3 Nc6 3. Bb5 Bc5 4. O-O Nd4 5. Nxd4 exd4 6. d3 c6 7. Bc4 b5 8.
Bxf7+ Kxf7 9. Qh5+ g6 10. Qxc5 Qb6 11. Qe5 Nf6 12. Bg5 c5 13. Bxf6 Qxf6 14.
Qd5+ Kg7 15. Qxa8 1-0

[Event "Open SSM Luglio"]
[Site "Milano ITA"]
[Date "2013.07.06"]
[Round "3"]
[White "Bracco, Valter"]
[Black "Bonghi, Fabrizio"]
[WhiteElo "1446"]
[BlackElo "1537"]
[Result "1-0"]
[PlyCount "49"]
[EventDate "2013.07.04"]

1. d4 d5 2. c4 e6 3. a3 Nf6 4. Nc3 c6 5. Nf3 dxc4 6. e4 b5 7. Be2 Be7 8. O-O
O-O 9. Qc2 a5 10. Be3 Ba6 11. Nd2 Nbd7 12. Bf3 Rc8 13. Rfe1 c5 14. Rad1 cxd4
15. Bxd4 e5 16. Be3 Qc7 17. Bg5 Nc5 18. Bxf6 Bxf6 19. Nd5 Qd6 20. Bg4 Rc6 21.
Nf3 Nd3 22. Re2 Qb8 23. Rxd3 cxd3 24. Qxc6 Rc8 25. Bxc8 1-0

[Event "Open SSM Luglio"]
[Site "Milano ITA"]
[Date "2013.07.06"]
[Round "3"]
[White "Brociner, Beniamino"]
[Black "Tarelli, Daniele"]
[WhiteElo "2026"]
[BlackElo "1943"]
[Result "1-0"]
[PlyCount "129"]
[EventDate "2013.07.04"]

1. Nf3 d5 2. d4 Nf6 3. c4 e6 4. g3 Be7 5. Bg2 O-O 6. O-O Nbd7 7. b3 Re8 8. Bb2
c6 9. Nbd2 Bd6 10. Ne5 Bf8 11. e4 Nxe5 12. dxe5 Nd7 13. exd5 exd5 14. cxd5 cxd5
15. f4 Bc5+ 16. Kh1 Nf8 17. Qf3 a5 18. Rfd1 a4 19. Qxd5 Qxd5 20. Bxd5 Rd8 21.
Bf3 Be6 22. Ne4 Bd5 23. Rxd5 Rxd5 24. Nf6+ gxf6 25. Bxd5 Rd8 26. Rd1 a3 27. Ba1
Rd7 28. exf6 Ne6 29. Be5 Nc7 30. Rc1 Na6 31. Bc4 Nb4 32. Bxf7+ Kxf7 33. Rxc5 b6
34. Rc4 Nd5 35. Rc6 Ne3 36. Rc7 Ke8 37. Rxd7 Kxd7 38. f7 Ke7 39. Bd6+ Kxf7 40.
Bxa3 Nd5 41. Bb2 Ke6 42. Kg2 Kf5 43. Kf3 Nb4 44. a4 h5 45. Bd4 Nd5 46. h3 h4
47. g4+ Kg6 48. Bf2 Nf6 49. Bxb6 Kf7 50. Bf2 Ke6 51. Bxh4 Nd5 52. f5+ Ke5 53.
f6 Ke6 54. g5 Kf7 55. Ke4 Nc3+ 56. Kf5 Ne2 57. g6+ Kf8 58. Bf2 Kg8 59. f7+ Kg7
60. Bc5 Ng3+ 61. Kg4 Kxg6 62. f8=Q Nh5 63. Qf5+ Kg7 64. Kxh5 Kg8 65. Kg6 1-0

[Event "Open SSM Luglio"]
[Site "Milano ITA"]
[Date "2013.07.06"]
[Round "3"]
[White "Carbone, Lorenzo"]
[Black "Madaschi, Sergio"]
[WhiteElo "1576"]
[BlackElo "1519"]
[Result "1/2-1/2"]
[PlyCount "57"]
[EventDate "2013.07.04"]

1. e4 c6 2. c4 d5 3. exd5 cxd5 4. cxd5 Nf6 5. Nc3 Nxd5 6. Qa4+ Bd7 7. Bb5 Nxc3
8. Bxd7+ Qxd7 9. Qxd7+ Nxd7 10. dxc3 e6 11. Be3 Bc5 12. Bxc5 Nxc5 13. Ke2 O-O
14. Nf3 Rad8 15. Rhd1 Na4 16. Rab1 Rxd1 17. Kxd1 Rd8+ 18. Kc2 Nc5 19. Nd2 Nd3
20. f3 Nf4 21. g3 Nd5 22. Re1 Rc8 23. a3 Kf8 24. f4 Nf6 25. Re2 g6 26. Nf3 Kg7
27. Nd4 a6 28. Kd3 Rd8 29. Kc2 1/2-1/2

[Event "Open SSM Luglio"]
[Site "Milano ITA"]
[Date "2013.07.06"]
[Round "3"]
[White "Colica, Daniele"]
[Black "Ganci, Stefano"]
[WhiteElo "1629"]
[BlackElo "1947"]
[Result "0-1"]
[PlyCount "112"]
[EventDate "2013.07.04"]

1. Nf3 b6 2. b3 Nf6 3. Bb2 Bb7 4. e3 e6 5. c4 Be7 6. Be2 O-O 7. O-O d6 8. d4
Ne4 9. Nbd2 f5 10. Nxe4 fxe4 11. Nd2 Bg5 12. Qc2 d5 13. Rac1 Na6 14. Qc3 c5 15.
a3 Qf6 16. f3 Qh6 17. f4 cxd4 18. fxg5 dxc3 19. gxh6 cxb2 20. Rb1 Nc5 21. hxg7
Kxg7 22. Rxb2 Rad8 23. Rxf8 Rxf8 24. Rb1 Nd7 25. Rf1 Rf6 26. Rxf6 Kxf6 27. Kf2
Ke5 28. b4 d4 29. Nb3 d3 30. Bd1 Nf8 31. Nd4 a6 32. Ba4 Ng6 33. Bc6 Bxc6 34.
Nxc6+ Kd6 35. Nd4 Ne5 36. c5+ bxc5 37. bxc5+ Kxc5 38. Nxe6+ Kc4 39. Ng5 Ng4+
40. Ke1 Nxe3 41. Kd2 Nxg2 42. Nxe4 Nf4 43. Nf2 Kd4 44. a4 a5 45. h4 h5 46. Nh1
Ng2 47. Ng3 Nxh4 48. Nxh5 Nf3+ 49. Kd1 Kc3 50. Nf4 Ne5 51. Nd5+ Kb3 52. Nb6 Kb4
53. Kd2 Nc4+ 54. Nxc4 Kxc4 55. Kd1 Kb3 56. Kc1 Kxa4 0-1

[Event "Open SSM Luglio"]
[Site "Milano ITA"]
[Date "2013.07.06"]
[Round "3"]
[White "Falchi, Claudio"]
[Black "Cazzaniga, Walter"]
[WhiteElo "1953"]
[BlackElo "2156"]
[Result "0-1"]
[PlyCount "120"]
[EventDate "2013.07.04"]

1. Nf3 Nf6 2. d4 g6 3. Bf4 Bg7 4. e3 O-O 5. Be2 d6 6. h3 Nc6 7. O-O Nd5 8. Bh2
e5 9. c4 Nde7 10. Nc3 exd4 11. exd4 Nf5 12. d5 Ncd4 13. Nxd4 Nxd4 14. Bd3 a6
15. Qd2 Bxh3 16. Kh1 Bf5 17. Bxf5 Nxf5 18. Kg1 Qh4 19. Ne2 b6 20. Rad1 Rfe8 21.
b3 Be5 22. Bxe5 Rxe5 23. Nd4 Nxd4 24. Qxd4 Qe7 25. Rd3 Re8 26. Rfd1 a5 27. a3
h5 28. b4 axb4 29. axb4 Re4 30. Qc3 h4 31. Ra1 Qg5 32. Qc1 Qxc1+ 33. Rxc1 Re1+
34. Rxe1 Rxe1+ 35. Kh2 Re4 36. Rc3 Rd4 37. Kh3 Kg7 38. c5 Rxd5 39. cxb6 cxb6
40. Kxh4 Rd4+ 41. Kg3 Rxb4 42. Rd3 Kf6 43. Rxd6+ Ke5 44. Rd7 f6 45. Rb7 g5 46.
Re7+ Kf5 47. f3 Rd4 48. Rb7 Rd6 49. Rb8 Ke5 50. Kg4 Kd4 51. Kf5 Kc4 52. Rc8+
Kb4 53. Rf8 b5 54. g3 Kc3 55. Rc8+ Kb3 56. f4 gxf4 57. gxf4 b4 58. Rf8 Kc3 59.
Rc8+ Kb2 60. Rb8 Rd4 0-1

[Event "Open SSM Luglio"]
[Site "Milano ITA"]
[Date "2013.07.06"]
[Round "3"]
[White "Gagliardi, Christian"]
[Black "Tirelli, Mauro"]
[WhiteElo "2215"]
[BlackElo "2021"]
[Result "1/2-1/2"]
[PlyCount "51"]
[EventDate "2013.07.04"]

1. d4 b6 2. Nf3 Bb7 3. Bf4 e6 4. e3 f5 5. Nbd2 Nf6 6. h3 d6 7. Bc4 Qe7 8. Bh2
h6 9. c3 Nbd7 10. Qe2 g5 11. Ba6 Bc6 12. a4 Bg7 13. Bb5 Bb7 14. Ba6 Bd5 15. b4
Rd8 16. a5 O-O 17. axb6 axb6 18. Bc4 Ra8 19. O-O Rxa1 20. Rxa1 Ra8 21. Rxa8+
Bxa8 22. Qd1 Kf7 23. Qa4 Qd8 24. Bb5 Ke7 25. c4 Bb7 26. Bc6 1/2-1/2

[Event "Open SSM Luglio"]
[Site "Milano ITA"]
[Date "2013.07.06"]
[Round "3"]
[White "Giancotti, Eraldo"]
[Black "Montani, Francesco"]
[WhiteElo "2069"]
[BlackElo "2195"]
[Result "0-1"]
[PlyCount "50"]
[EventDate "2013.07.04"]

1. Nf3 f5 2. c4 Nf6 3. Nc3 e6 4. g3 Bb4 5. Qc2 O-O 6. Bg2 Nc6 7. O-O Qe8 8. a3
Bxc3 9. Qxc3 d6 10. b4 e5 11. b5 Ne7 12. d3 Qh5 13. Bg5 e4 14. Bxf6 Rxf6 15.
dxe4 fxe4 16. Nd2 Bh3 17. Rfe1 Bxg2 18. Kxg2 Rxf2+ 19. Kxf2 Qxh2+ 20. Kf1 Rf8+
21. Nf3 Qxg3 22. Qe3 exf3 23. Qe6+ Kh8 24. exf3 Rxf3+ 25. Ke2 Rf2+ 0-1

[Event "Open SSM Luglio"]
[Site "Milano ITA"]
[Date "2013.07.06"]
[Round "3"]
[White "Gonella, Daniele"]
[Black "Delle Fave, Fabio"]
[WhiteElo "2162"]
[BlackElo "1770"]
[Result "1-0"]
[PlyCount "107"]
[EventDate "2013.07.04"]

1. e4 c6 2. d4 d5 3. exd5 cxd5 4. c4 Nf6 5. Nc3 e6 6. Nf3 Nc6 7. a3 a5 8. Bg5
Be7 9. Bd3 Qb6 10. Nb5 Qd8 11. O-O h6 12. Bf4 O-O 13. Ne5 dxc4 14. Bxc4 Nxe5
15. dxe5 Qxd1 16. Rfxd1 Ne4 17. Rac1 b6 18. f3 Nc5 19. Nd6 Ba6 20. Bxa6 Nxa6
21. Rc6 Rab8 22. Be3 Nc5 23. Nc4 Na4 24. b3 Nc3 25. Rd7 Bc5 26. Bxc5 bxc5 27.
Nxa5 Rb5 28. Nc4 Rxb3 29. Rxc5 Na4 30. Rcc7 Rc3 31. Nd6 Rxc7 32. Rxc7 Nb6 33.
Rb7 Na4 34. Kf2 Nc5 35. Rb5 Nd7 36. f4 Rb8 37. Rxb8+ Nxb8 38. Ke3 Kf8 39. Kd4
Ke7 40. Kc5 Na6+ 41. Kb6 Nb8 42. a4 f6 43. exf6+ gxf6 44. Ne4 Nd7+ 45. Kc6 Nb8+
46. Kc7 Na6+ 47. Kb6 Nb4 48. a5 f5 49. Nc3 Kd6 50. Nb5+ Kd7 51. Kb7 Nc6 52. a6
Nd8+ 53. Kb6 Kc8 54. a7 1-0

[Event "Open SSM Luglio"]
[Site "Milano ITA"]
[Date "2013.07.06"]
[Round "3"]
[White "Guttarolo, Giovanni"]
[Black "Colombo, Luca"]
[WhiteElo "1402"]
[BlackElo "1874"]
[Result "0-1"]
[PlyCount "20"]
[EventDate "2013.07.04"]

1. e4 c5 2. Bc4 Nc6 3. Nf3 g6 4. e5 Bg7 5. d4 cxd4 6. Nxd4 Qa5+ 7. Nc3 Qxe5+ 8.
Be3 Nxd4 9. Qxd4 Qxd4 10. Bxd4 Bxd4 0-1

[Event "Open SSM Luglio"]
[Site "Milano ITA"]
[Date "2013.07.06"]
[Round "3"]
[White "Malescusi, Luciano"]
[Black "Bonazzi, Edoardo"]
[WhiteElo "1909"]
[BlackElo "2082"]
[Result "0-1"]
[PlyCount "60"]
[EventDate "2013.07.04"]

1. d4 Nf6 2. Nf3 c5 3. e3 cxd4 4. exd4 d5 5. c3 Qc7 6. Bd3 Bg4 7. Qa4+ Nc6 8.
Ne5 Bd7 9. Nxd7 Qxd7 10. Bf4 e6 11. Nd2 Bd6 12. Bxd6 Qxd6 13. Nf3 O-O 14. O-O
a6 15. Qd1 Rfc8 16. a4 Qc7 17. Qe2 Rab8 18. Rfe1 h6 19. h3 Nd7 20. h4 Na5 21.
Rad1 Nc4 22. Bb1 b5 23. Qd3 Nf8 24. Re2 bxa4 25. Rde1 Nxb2 26. Qe3 Qxc3 27. Qf4
Qc7 28. Ne5 f6 29. Rc2 fxe5 30. dxe5 Nc4 0-1

[Event "Open SSM Luglio"]
[Site "Milano ITA"]
[Date "2013.07.06"]
[Round "3"]
[White "Orlando, Luigi"]
[Black "Alati, Alberto"]
[WhiteElo "1891"]
[BlackElo "1736"]
[Result "0-1"]
[PlyCount "138"]
[EventDate "2013.07.04"]

1. Nf3 Nf6 2. g3 g6 3. Bg2 Bg7 4. O-O O-O 5. d3 d6 6. e4 c5 7. Nbd2 Nc6 8. c3
Nd7 9. Re1 Rb8 10. a4 b6 11. Nc4 a6 12. Ne3 b5 13. axb5 axb5 14. Bd2 b4 15. Qe2
e6 16. h4 bxc3 17. Bxc3 Nb4 18. Bxg7 Kxg7 19. Qd2 Ba6 20. Ng4 f6 21. Qh6+ Kg8
22. h5 Qe7 23. hxg6 hxg6 24. Qxg6+ Qg7 25. Qxg7+ Kxg7 26. d4 Rb6 27. Red1 Be2
28. Rd2 Bxf3 29. Bxf3 cxd4 30. Ra7 Rf7 31. Rxd4 Nc6 32. Raa4 Nxd4 33. Rxd4 Ne5
34. Nxe5 fxe5 35. Rd3 Rxb2 36. Kg2 Rd7 37. Bg4 Kf6 38. Rf3+ Ke7 39. Bh5 d5 40.
exd5 exd5 41. Re3 Kd6 42. Rf3 d4 43. Bg6 Rc7 44. Be4 Rc3 45. Rf6+ Ke7 46. Rf5
Rb5 47. Rf3 Rbb3 48. Rf5 Ke6 49. Rf8 d3 50. Re8+ Kd6 51. Rd8+ Kc5 52. Rd5+ Kb4
53. Rxe5 d2 54. Rd5 Rb2 55. Bf3 Kc4 56. Rd7 Rd3 57. Rc7+ Kb3 58. Bd1+ Ka2 59.
Kf1 Rd8 60. Re7 Kb1 61. Ke2 Rb6 62. Re3 Rdd6 63. f4 Rbc6 64. f5 Kc1 65. g4 Rh6
66. Ba4 Rc4 67. Bb3 Rh2+ 68. Kd3 Rxg4 69. f6 Rf4 0-1

[Event "Open SSM Luglio"]
[Site "Milano ITA"]
[Date "2013.07.06"]
[Round "3"]
[White "Pelizzola, Danilo"]
[Black "Margstahler, Francesco"]
[WhiteElo "2082"]
[BlackElo "1770"]
[Result "1-0"]
[PlyCount "77"]
[EventDate "2013.07.04"]

1. e4 c6 2. d4 d5 3. Nd2 dxe4 4. Nxe4 Bf5 5. Ng3 Bg6 6. Bc4 e6 7. N1e2 Nf6 8.
O-O Bd6 9. Bf4 O-O 10. Qd2 Qc7 11. Rad1 Nbd7 12. Bxd6 Qxd6 13. c3 Rfe8 14. Nf4
Rad8 15. Bb3 c5 16. Nxg6 hxg6 17. dxc5 Qxd2 18. Rxd2 Nxc5 19. Rfd1 Rxd2 20.
Rxd2 Nxb3 21. axb3 Re7 22. Rd8+ Kh7 23. Kf1 g5 24. Ke2 Kg6 25. c4 Rc7 26. Kd3
a5 27. f3 Nd7 28. Ne4 Nc5+ 29. Nxc5 Rxc5 30. Rd7 b5 31. Kd4 Rf5 32. c5 Rf4+ 33.
Kc3 a4 34. Rd4 Rf5 35. Kb4 axb3 36. c6 e5 37. Rd6+ f6 38. c7 Rf4+ 39. Kxb5 1-0

[Event "Open SSM Luglio"]
[Site "Milano ITA"]
[Date "2013.07.06"]
[Round "3"]
[White "Pollio, Ciro"]
[Black "Bemporad, Filippo"]
[WhiteElo "1736"]
[BlackElo "2029"]
[Result "1/2-1/2"]
[PlyCount "89"]
[EventDate "2013.07.04"]

1. d4 Nf6 2. c4 e6 3. a3 d5 4. Nc3 c5 5. e3 Nc6 6. Nf3 Be7 7. dxc5 Bxc5 8. b4
Be7 9. Bb2 O-O 10. cxd5 exd5 11. Be2 Be6 12. O-O Rc8 13. Rc1 Bd6 14. Nb5 Bb8
15. Re1 Qe7 16. Nbd4 Nxd4 17. Qxd4 Rfd8 18. h3 Ne8 19. Bd3 f5 20. Ne5 Nd6 21.
Rxc8 Rxc8 22. Rc1 Rd8 23. Nf3 Nc4 24. Qc3 Nxb2 25. Qxb2 Bd6 26. Nd4 Be5 27. Qb1
g6 28. Nxe6 Qxe6 29. Rc2 Kg7 30. Qc1 Bb8 31. Qa1+ Be5 32. Qc1 d4 33. exd4 Rxd4
34. Be2 Qb6 35. Bf3 Qd6 36. Ra2 Bf4 37. Qe1 Kh6 38. Ra1 b6 39. Rd1 Rxd1 40.
Qxd1 Kg5 41. g3 Be5 42. h4+ Kf6 43. Qd5 Qxd5 44. Bxd5 Ke7 45. a4 1/2-1/2

[Event "Open SSM Luglio"]
[Site "Milano ITA"]
[Date "2013.07.06"]
[Round "3"]
[White "Ruggeri, Igor"]
[Black "Puppi, Simone"]
[WhiteElo "1592"]
[BlackElo "1540"]
[Result "1/2-1/2"]
[PlyCount "113"]
[EventDate "2013.07.04"]

1. d4 Nf6 2. c4 g6 3. Nc3 d6 4. e4 Bg7 5. Nf3 Nbd7 6. Be2 O-O 7. O-O c5 8. d5
Ng4 9. Bf4 Nge5 10. Qd2 Nxf3+ 11. Bxf3 Ne5 12. Be2 f5 13. Bh6 Nf7 14. Bxg7 Kxg7
15. Bd3 Ne5 16. f4 Nxd3 17. Qxd3 fxe4 18. Nxe4 Bf5 19. Qc3+ Kg8 20. Ng5 Qd7 21.
Rae1 Rf6 22. Ne4 Rf7 23. Ng5 Rf6 24. Ne4 Bxe4 25. Rxe4 Re8 26. Rfe1 Rf7 27. g3
a6 28. Re6 b5 29. a3 bxc4 30. Qxc4 Qb5 31. Qxb5 axb5 32. Rxd6 exd6 33. Rxe8+
Kg7 34. Re6 Rf6 35. Rxf6 Kxf6 36. Kf2 g5 37. Kf3 gxf4 38. Kxf4 b4 39. a4 c4 40.
Ke4 c3 41. bxc3 bxc3 42. Kd3 c2 43. Kxc2 Ke5 44. h4 h5 45. Kd3 Kxd5 46. a5 Kc5
47. a6 Kb6 48. a7 Kxa7 49. g4 hxg4 50. h5 g3 51. Ke3 d5 52. h6 d4+ 53. Kf3 d3
54. h7 d2 55. Ke2 d1=Q+ 56. Kxd1 g2 57. h8=Q 1/2-1/2

[Event "Open SSM Luglio"]
[Site "Milano ITA"]
[Date "2013.07.06"]
[Round "3"]
[White "Spelta, Andrea"]
[Black "Gori, Andrea"]
[WhiteElo "1762"]
[BlackElo "2075"]
[Result "0-1"]
[PlyCount "62"]
[EventDate "2013.07.04"]

1. Nf3 d5 2. g3 Nc6 3. d4 Nf6 4. Bg2 Bf5 5. Nh4 Bg4 6. h3 Be6 7. Be3 Qd7 8. Nd2
h6 9. Nb3 g5 10. Nc5 Qd6 11. Nf3 Bg7 12. c3 b6 13. Nxe6 Qxe6 14. Qd3 O-O 15.
Nd2 Rab8 16. O-O-O b5 17. f4 b4 18. c4 b3 19. a3 dxc4 20. Nxc4 Nd5 21. f5 Qd7
22. Ne5 Nxe5 23. dxe5 Qc6+ 24. Kd2 Qc2+ 25. Qxc2 bxc2 26. Rc1 Nxe3 27. Kxe3
Rxb2 28. e6 fxe6 29. fxe6 Rb3+ 30. Kd2 Rd8+ 31. Ke1 Be5 0-1

[Event "Open SSM Luglio"]
[Site "Milano ITA"]
[Date "2013.07.07"]
[Round "4"]
[White "Alati, Alberto"]
[Black "Falchi, Claudio"]
[WhiteElo "1736"]
[BlackElo "1953"]
[Result "1/2-1/2"]
[PlyCount "50"]
[EventDate "2013.07.04"]

1. c4 e5 2. g3 Nc6 3. Nc3 g6 4. Bg2 Bg7 5. e4 d6 6. Nge2 f5 7. d3 Nf6 8. O-O
O-O 9. Bd2 Ne7 10. Rc1 c6 11. b4 d5 12. b5 fxe4 13. dxe4 dxc4 14. bxc6 Nxc6 15.
a4 Be6 16. Bg5 h6 17. Bxf6 Qxf6 18. Nd5 Qd8 19. Rxc4 Qd7 20. Rc2 Rac8 21. Rd2
Nd4 22. Nec3 Rc5 23. f4 Bg4 24. Qe1 exf4 25. gxf4 Qe6 1/2-1/2

[Event "Open SSM Luglio"]
[Site "Milano ITA"]
[Date "2013.07.07"]
[Round "4"]
[White "Bemporad, Filippo"]
[Black "Tarelli, Daniele"]
[WhiteElo "2029"]
[BlackElo "1943"]
[Result "1/2-1/2"]
[PlyCount "54"]
[EventDate "2013.07.04"]

1. d4 d5 2. c4 e6 3. g3 Nf6 4. Bg2 Be7 5. Nf3 O-O 6. O-O dxc4 7. Nbd2 a6 8.
Nxc4 c5 9. b3 b5 10. Nce5 Bb7 11. Bb2 Nbd7 12. Nxd7 Nxd7 13. dxc5 Nxc5 14. Qxd8
Rfxd8 15. Ba3 Kf8 16. Rac1 Rac8 17. Rfd1 Rxd1+ 18. Rxd1 Ne4 19. Bxe7+ Kxe7 20.
Ng5 Nxg5 21. Bxb7 Rb8 22. Bxa6 Rb6 23. Bc8 Rb8 24. Ba6 Rb6 25. Bc8 Rb8 26. Ba6
Rb6 27. Bc8 Rb8 1/2-1/2